000 00756nam a2200217Ia 4500
003 GCL
008 140319s9999 xx 000 0 ara d
040 _aGCL /
_cGCL
082 0 4 _a189.1
_bا ا
100 1 _aابراهيم عاتى
245 1 0 _aالانسان فى الفلسفة الاسلامية : نموذج الفارابى /
_cابراهيم عاتى
260 _a[S.N] :
_bالهيئة المصرية العامة للكتاب ،
_c1993
300 _a297 ص
490 _a
650 0 4 _aالفلسفة الاسلامية
650 0 4 _aالحركات الفكرية عند المسلمين
650 0 4 _aالثقافة الاسلامية
650 0 4 _aالفلاسفة المسلمون
650 0 4 _aالفارابى
942 _2ddc
_cBK
999 _c37056
_d37056